| 000 | 00451cam a22001217a 4500 | ||
|---|---|---|---|
| 008 | 180718b1965 xxu||||| |||| 00| 0 eng d | ||
| 082 | _aA81x54 In2/61/Vol 15/Pt 6-24 | ||
| 100 | _aCensus of India 1961 | ||
| 245 | _aUttar Pradesh: village survey monograph, Chapnu (tahsil Chakrata, district Dehra Dun) | ||
| 260 |
_aDelhi _bThe Manager of Publications _c1965 |
||
| 300 | _a35+p. | ||
| 440 | _aCensus of India 1961. Volume XV, Uttar Pradesh. Part VI. No.24 | ||
| 999 |
_c484317 _d484317 |
||